000 00678nam a2200193 a 4500
001 000036470
005 20200930075741.0
008 120118s1995 ag 000 0 spa d
020 _a847953091X
040 _aDO-SdBNP
_bspa
_cBNPHU
082 _axxxx
_bS571
100 1 _aSiegel, Stanley
_962690
240 1 3 _aThe patient who cured his therapist, and other tales of therapy
_lEspañol
245 1 3 _aEl paciente que curó a su terapeuta y otras historias de terapia. /
_cStanley Siegel, Ed Lowe, Jr.; Marta I. Guastavino.
260 _aArgentina :
_bEdiciones Urano,
_c1995.
300 _a255 p. ;
_c22 cm.
500 _aTraducido del inglés
700 1 _aLowe, Ed,
_etr.
_962691
999 _c35961
_d35961